[Event "Mechanics' Summer TNM; 30/90, SD/30"]
[Site "San Francisco"]
[Date "2010.05.25"]
[Round "2.11"]
[White "Krasnov, Steven"]
[Black "Byambaa, Uyanga"]
[Result "0-1"]
[WhiteElo "1950"]
[BlackElo "1623"]
[PlyCount "118"]
[EventDate "2010.??.??"]

1. d4 Nf6 2. Nf3 e6 3. g3 d5 4. Bg2 Nc6 5. O-O h5 6. Bg5 Be7 7. Nbd2 Bd7 8. c3
Ng4 9. Bxe7 Qxe7 10. e4 O-O-O 11. Re1 Qf6 12. b4 g5 13. Qe2 h4 14. h3 Nh6 15.
a4 hxg3 16. fxg3 g4 17. Nh2 gxh3 18. Bxh3 Rdg8 19. Ndf1 dxe4 20. Qxe4 Ne7 21.
Qe5 Qg6 22. Re3 Nhf5 23. Bxf5 Nxf5 24. Rd3 Qh6 25. Ra2 Qc1 26. b5 f6 27. Qxf6
Nxg3 28. Rg2 Ne2+ 29. Kh1 Rxh2+ 30. Kxh2 Qf4+ 31. Qxf4 Rxg2+ 32. Kh1 Nxf4 33.
Rf3 Rg4 34. Ne3 Rh4+ 35. Kg1 Be8 36. Kf2 Nd3+ 37. Kg3 Rh8 38. Nc4 Rg8+ 39. Kh3
Nc1 40. Re3 Bg6 41. Kh4 Bf5 42. Ne5 Nb3 43. Re2 Rh8+ 44. Kg5 Rh3 45. Kf6 Rxc3
46. d5 exd5 47. Rh2 Rh3 48. Rg2 Bh7 49. Rg7 c6 50. bxc6 bxc6 51. Rxa7 Be4 52.
Nf7 Kb8 53. Re7 Bg2 54. Ne5 d4 55. Nd7+ Kc7 56. Nc5+ Kb6 57. Nd7+ Ka5 58. Rg7
Bd5 59. Rg5 d3 0-1

[Event "Mechanics' Summer TNM; 30/90, SD/30"]
[Site "San Francisco"]
[Date "2010.06.08"]
[Round "3.10"]
[White "Krasnov, Steven"]
[Black "Salvo, Tab"]
[Result "1-0"]
[WhiteElo "1950"]
[BlackElo "1759"]
[PlyCount "61"]
[EventDate "2010.??.??"]

1. d4 d6 2. e4 Nf6 3. Nc3 g6 4. f4 Bg7 5. Nf3 c6 6. Be2 Nbd7 7. e5 Ng4 8. Ng5
Nh6 9. e6 Nf6 10. exf7+ Nxf7 11. Nxf7 Kxf7 12. Be3 d5 13. g4 Re8 14. h4 Qb6 15.
h5 Qxb2 16. hxg6+ hxg6 17. Bd2 Qb6 18. f5 Qxd4 19. fxg6+ Kg8 20. g5 Ne4 21.
Nxe4 Qxa1 22. Nf6+ Bxf6 23. gxf6 Qxf6 24. Bd3 e5 $2 (24... Qe5+ $19) 25. Qh5
$18 Re7 26. Bg5 Qg7 27. Bxe7 Bg4 28. Qh7+ Qxh7 29. gxh7+ Kg7 30. Bf6+ Kxf6 31.
h8=Q+ 1-0

[Event "Mechanics' Summer TNM; 30/90, SD/30"]
[Site "San Francisco"]
[Date "2010.06.01"]
[Round "2.24"]
[White "Krawczyk, Steven"]
[Black "Mar, Henry"]
[Result "1-0"]
[WhiteElo "1089"]
[BlackElo "1632"]
[PlyCount "63"]
[EventDate "2010.??.??"]

1. e4 c5 2. c4 Nc6 3. Nf3 g6 4. Nc3 Bg7 5. h4 Nf6 6. Ng5 h6 7. Nxf7 Kxf7 8. Qf3
Rf8 9. e5 Nxe5 10. Qf4 Kg8 11. Qxe5 d6 12. Qg3 Ng4 13. f3 Ne5 14. Nd5 Bf5 15.
Be2 Nd3+ 16. Kd1 Be5 17. f4 Bxf4 18. Nxf4 Nxf4 19. Bf3 e6 20. d3 Nxd3 21. Bxh6
Nxb2+ 22. Kc1 Nd3+ 23. Kd2 Qa5+ 24. Ke2 Rf7 25. h5 Ne5 26. hxg6 Bd3+ 27. Kd1
Qa4+ 28. Ke1 Qb4+ 29. Bd2 Nxf3+ 30. gxf3 Rxf3 31. Qxf3 Rf8 32. Rh8+ 1-0

[Event "Mechanics' Summer TNM; 30/90, SD/30"]
[Site "San Francisco"]
[Date "2010.05.25"]
[Round "2.22"]
[White "Krawczyk, Steven"]
[Black "Newey, Richard"]
[Result "0-1"]
[WhiteElo "1089"]
[BlackElo "1752"]
[PlyCount "74"]
[EventDate "2010.??.??"]

1. e4 c5 2. Bc4 e6 3. e5 Nc6 4. Nf3 Qc7 5. d4 cxd4 6. Nxd4 Qxe5+ 7. Ne2 d5 8.
Bb3 Bb4+ 9. Nd2 Nf6 10. O-O Bd7 11. Nf3 Qc7 12. Qd3 Rc8 13. c3 Bd6 14. Re1 Ne4
15. Bc2 Nb4 16. Qd1 Nxc2 17. Qxc2 b5 18. a3 a5 19. b4 axb4 20. axb4 Bxb4 21.
Bf4 Bd6 22. Be3 Nxc3 23. Rec1 b4 24. Kh1 h6 25. Qb2 e5 26. Ng3 d4 27. Nxd4 exd4
28. Bxd4 O-O 29. Nh5 f6 30. Qd2 Be5 31. Ra7 Qd6 32. Be3 Qxd2 33. Bxd2 Rf7 34.
h3 Bf5 35. Ra5 Bg6 36. Nf4 Bxf4 37. Bxf4 b3 0-1

[Event "Mechanics' Summer TNM; 30/90, SD/30"]
[Site "San Francisco"]
[Date "2010.07.06"]
[Round "7.23"]
[White "Krawczyk, Steven"]
[Black "Poon, Brunston"]
[Result "0-1"]
[WhiteElo "1089"]
[BlackElo "1092"]
[PlyCount "72"]
[EventDate "2010.??.??"]

1. e4 c6 2. c4 d5 3. d4 e6 4. e5 c5 5. Nf3 Nc6 6. Be2 dxc4 7. Be3 b6 8. Bxc4
Be7 9. Nc3 Bb7 10. O-O Nh6 11. Qd2 Nf5 12. Rad1 O-O 13. Qe2 cxd4 14. Bf4 a6 15.
Ne4 h6 16. a3 b5 17. Bd3 Rc8 18. g4 Nh4 19. Nd6 Nxf3+ 20. Qxf3 Bxd6 21. exd6
Qf6 22. g5 hxg5 23. Qh3 Qh6 24. Qxh6 gxh6 25. d7 Rcd8 26. Bd6 Rxd7 27. Bxf8
Kxf8 28. Rfe1 Re7 29. Be4 e5 30. Kg2 f6 31. Rc1 Re6 32. Rc5 Rd6 33. Rd5 Ke7 34.
Rxd6 Kxd6 35. Rc1 a5 36. Bg6 Ne7+ 0-1

[Event "Mechanics' Summer TNM; 30/90, SD/30"]
[Site "San Francisco"]
[Date "2010.06.01"]
[Round "2.7"]
[White "Leavens, Weston"]
[Black "Jones, James"]
[Result "1/2-1/2"]
[WhiteElo "1806"]
[BlackElo "2099"]
[PlyCount "120"]
[EventDate "2010.??.??"]

1. e4 g6 2. d4 Bg7 3. Be3 d6 4. c3 Nf6 5. Bd3 O-O 6. Nf3 Ng4 7. Bg5 c5 8. h3
Nf6 9. O-O cxd4 10. cxd4 Nc6 11. Nc3 Qa5 12. a3 Nxd4 13. Be3 Nxf3+ 14. Qxf3 Be6
15. b4 Qh5 16. Qxh5 Nxh5 17. Rac1 Rac8 18. Nb5 a6 19. Nd4 Nf4 20. Nxe6 Nxe6 21.
Rxc8 Rxc8 22. Rc1 Rxc1+ 23. Bxc1 Nd4 24. Kf1 f5 25. exf5 gxf5 26. Be3 e6 27.
Bxd4 Bxd4 28. a4 h5 29. b5 a5 30. h4 Kg7 31. Be2 Kg6 32. Bf3 b6 33. Bc6 f4 34.
Be8+ Kh6 35. g3 Bf6 36. Kg2 fxg3 37. fxg3 Bc3 38. Bd7 e5 39. Bc6 Be1 40. Kh3
Kg6 41. Be8+ Kh6 42. Bc6 Bf2 43. g4 hxg4+ 44. Kxg4 Kg6 45. h5+ Kf6 46. Bd5 Be3
47. Kf3 Bd2 48. Ke4 Kg5 49. Bf7 Bc1 50. Bg6 Kf6 51. Kd5 Ba3 52. Be4 Kg5 53. Bg6
Bc5 54. Ke4 Bd4 55. Bf7 Bc3 56. Bg6 Kf6 57. Kd5 Bb4 58. Be4 Kg5 59. Bg6 Bc5 60.
Ke4 Kf6 1/2-1/2

[Event "Mechanics' Summer TNM; 30/90, SD/30"]
[Site "San Francisco"]
[Date "2010.07.06"]
[Round "7.19"]
[White "Leavens, Weston"]
[Black "Newey, Richard"]
[Result "1/2-1/2"]
[WhiteElo "1806"]
[BlackElo "1752"]
[PlyCount "80"]
[EventDate "2010.??.??"]

1. e4 c6 2. d4 d5 3. Nc3 dxe4 4. Nxe4 Bf5 5. Ng3 Bg6 6. Nf3 e6 7. Bg5 Nf6 8.
Bc4 Be7 9. O-O O-O 10. Ne5 Nbd7 11. Nxg6 hxg6 12. c3 Rc8 13. Re1 c5 14. Bb3
cxd4 15. cxd4 Nb6 16. Qd2 Nbd5 17. Rac1 Qd7 18. a3 Rxc1 19. Rxc1 Rc8 20. f3 Rc7
21. Ne4 b6 22. Nxf6+ gxf6 23. Bh4 Qc8 24. Rxc7 Qxc7 25. Bxd5 exd5 26. Bg3 Bd6
27. Bxd6 Qxd6 28. g3 Kg7 29. Kf2 Qd7 30. g4 Qc7 31. Kg2 Qc4 32. h4 Qc8 33. Kg3
Qc7+ 34. f4 Qe7 35. Qf2 Qe4 36. f5 Qd3+ 37. Kh2 Qe4 38. fxg6 fxg6 39. Kg3 Qd3+
40. Kh2 Qe4 1/2-1/2

[Event "Mechanics' Summer TNM; 30/90, SD/30"]
[Site "San Francisco"]
[Date "2010.06.15"]
[Round "4.11"]
[White "Leavens, Weston"]
[Black "Wong, Russell"]
[Result "0-1"]
[WhiteElo "1806"]
[BlackElo "2200"]
[PlyCount "44"]
[EventDate "2010.??.??"]

1. e4 Nf6 2. e5 Nd5 3. Bc4 Nb6 4. Bb3 d5 5. exd6 cxd6 6. Nc3 Nc6 7. d4 d5 8.
Bf4 Bf5 9. Nge2 e6 10. O-O Be7 11. Ng3 Bg6 12. Nce2 h5 13. Re1 h4 14. Nf1 h3
15. c3 hxg2 16. Nfg3 Bd6 17. Bc2 Qh4 18. Nf5 Bxf5 19. Bxd6 e5 20. Kxg2 Qh3+ 21.
Kg1 Qxh2+ 22. Kf1 Qh3+ 0-1

[Event "Mechanics' Summer TNM; 30/90, SD/30"]
[Site "San Francisco"]
[Date "2010.06.08"]
[Round "3.3"]
[White "Lin, Michael"]
[Black "Baturyn, Mikhail"]
[Result "0-1"]
[WhiteElo "1974"]
[BlackElo "2396"]
[PlyCount "96"]
[EventDate "2010.??.??"]

1. e4 Nf6 2. e5 Nd5 3. d4 d6 4. c4 Nb6 5. exd6 cxd6 6. Nc3 g6 7. Be3 Bg7 8. Rc1
O-O 9. Bd3 Nc6 10. Nge2 Nb4 11. b3 Nxd3+ 12. Qxd3 Bf5 13. Qd2 d5 14. c5 Nc8 15.
O-O Qd7 16. Nf4 Be6 17. b4 a6 18. a4 Na7 19. Rfe1 Nc6 20. Nce2 f6 21. Ra1 Bf7
22. b5 Nd8 23. Nc3 h6 24. Red1 g5 25. Nfe2 Ne6 26. f4 Nc7 27. Qb2 gxf4 28. Bxf4
e5 29. Bg3 Rad8 30. Rab1 Bg6 31. Rbc1 Qe6 32. bxa6 bxa6 33. Qb6 Rf7 34. dxe5
fxe5 35. Bh4 Rc8 36. Nxd5 Qg4 37. Ne7+ Kh7 38. h3 Qe4 39. Nc3 Qe3+ 40. Kh1 Bh5
41. Re1 Qd4 42. Nxc8 Qxh4 43. Qb1+ Bg6 44. Qb2 e4 45. Qe2 Rf4 46. Rf1 Be5 47.
Ne7 $4 (47. Qe3 $16) 47... Qg3 $1 48. Kg1 Rf2 $1 0-1

[Event "Mechanics' Summer TNM; 30/90, SD/30"]
[Site "San Francisco"]
[Date "2010.06.22"]
[Round "5.10"]
[White "Lin, Michael"]
[Black "Beilin, Allan"]
[Result "1-0"]
[WhiteElo "1974"]
[BlackElo "1802"]
[PlyCount "81"]
[EventDate "2010.??.??"]

1. e4 e6 2. d4 d5 3. e5 c5 4. c3 Qb6 5. Nf3 Nc6 6. a3 Bd7 7. b4 cxd4 8. cxd4
Nge7 9. Nc3 Nf5 10. Be3 Qd8 11. Bd3 Nxe3 12. fxe3 Rc8 13. Ne2 Be7 14. O-O f6
15. e4 dxe4 16. Bxe4 f5 17. Bc2 Qb6 18. Kh1 Nb8 19. Bb3 Bb5 20. Nf4 Bxf1 21.
Qxf1 Rc3 22. Bxe6 g5 23. Nd5 Qxe6 24. Nxc3 g4 25. Ng1 O-O 26. Re1 Qb3 27. Nge2
Nc6 28. Rd1 Qxa3 29. Nd5 Qb3 30. Nef4 Bxb4 31. Nxb4 Qxb4 32. Ne6 Rf7 33. Qe2
Ne7 34. d5 Qb3 35. Nf4 Ng6 36. Nxg6 hxg6 37. e6 Re7 38. d6 Rxe6 39. Qxe6+ Qxe6
40. d7 Qxd7 41. Rxd7 1-0

[Event "Mechanics' Summer TNM; 30/90, SD/30"]
[Site "San Francisco"]
[Date "2010.06.29"]
[Round "6.3"]
[White "Lin, Michael"]
[Black "Wong, Russell"]
[Result "0-1"]
[WhiteElo "1974"]
[BlackElo "2200"]
[PlyCount "32"]
[EventDate "2010.??.??"]

1. e4 Nf6 2. e5 Nd5 3. d4 d6 4. c4 Nb6 5. exd6 exd6 6. Nc3 Be7 7. h3 Nc6 8. Nf3
O-O 9. Be2 Bf5 10. O-O Bf6 11. Bf4 Re8 12. Rc1 a6 13. b3 Na7 14. Qd2 h6 15. a3
Nc6 16. d5 Ne7 {scoresheets unreadable at this point} 0-1

[Event "Mechanics' Summer TNM; 30/90, SD/30"]
[Site "San Francisco"]
[Date "2010.07.06"]
[Round "7.21"]
[White "Litowsky, Daniel"]
[Black "Fleming, Mark"]
[Result "1-0"]
[WhiteElo "1707"]
[BlackElo "1416"]
[PlyCount "107"]
[EventDate "2010.??.??"]

1. e4 e5 2. Nc3 Nf6 3. Bc4 Bb4 4. d3 Bxc3+ 5. bxc3 Nc6 6. a4 d5 7. exd5 Nxd5 8.
Bd2 a5 9. h3 O-O 10. Nf3 Re8 11. O-O h6 12. Nh2 Nf4 13. Qf3 Qf6 14. Ng4 Qf5 15.
Rae1 Ng6 16. Qg3 Be6 17. Bxe6 Rxe6 18. Bxh6 Rb8 19. Bd2 b5 20. Re4 bxa4 21.
Rxa4 Rb2 22. f4 exf4 23. Bxf4 Nxf4 24. Raxf4 Qc5+ 25. d4 Qe7 26. d5 Qc5+ 27.
Qf2 Qxf2+ 28. R1xf2 Re1+ 29. Rf1 Rxf1+ 30. Rxf1 Ne7 31. Ne3 Rb5 32. c4 Rc5 33.
Ra1 g6 34. Kf2 Kf8 35. Kf3 Nf5 36. Ra4 Ke7 37. g4 Nd6 38. Ke2 Kf6 39. Kd3 Ke5
40. h4 f5 41. gxf5 gxf5 42. h5 f4 43. Ng4+ Kf5 44. Nf2 Kg5 45. Ne4+ Nxe4 46.
Kxe4 f3 47. Kd4 Kf4 48. Ra1 f2 49. Kxc5 Kf3 50. h6 Ke2 51. h7 a4 52. h8=Q f1=Q
53. Rxf1 Kxf1 54. Qd4 1-0

[Event "Mechanics' Summer TNM; 30/90, SD/30"]
[Site "San Francisco"]
[Date "2010.07.13"]
[Round "8.19"]
[White "Litowsky, Daniel"]
[Black "Hilliard, Michael"]
[Result "0-1"]
[WhiteElo "1707"]
[BlackElo "1422"]
[PlyCount "56"]
[EventDate "2010.??.??"]

1. e4 c6 2. d4 d5 3. e5 Bf5 4. Bd3 Bxd3 5. Qxd3 e6 6. Nf3 c5 7. c3 cxd4 8. cxd4
Bb4+ 9. Nc3 Ne7 10. O-O O-O 11. Bg5 Nbc6 12. a3 Ba5 13. Ne2 Qd7 14. h3 Nf5 15.
Ng3 Nxg3 16. fxg3 Bd8 17. Bxd8 Qxd8 18. h4 f6 19. Rae1 Qb6 20. Re2 fxe5 21. Kh2
e4 22. Qe3 Rf6 23. Nd2 Rxf1 24. Nxf1 Qxd4 25. Qb3 Qb6 26. Qc3 Rf8 27. Nd2 Rf2
28. Rxf2 Qxf2 0-1

[Event "Mechanics' Summer TNM; 30/90, SD/30"]
[Site "San Francisco"]
[Date "2010.06.15"]
[Round "4.13"]
[White "Litowsky, Daniel"]
[Black "Lin, Michael"]
[Result "0-1"]
[WhiteElo "1707"]
[BlackElo "1974"]
[PlyCount "67"]
[EventDate "2010.??.??"]

1. e4 c5 2. Nc3 Nc6 3. a3 e6 4. Bc4 Nf6 5. d3 d5 6. exd5 exd5 7. Bb3 d4 8. Nce2
Bd6 9. h3 O-O 10. Nf3 b5 11. O-O Bb7 12. Bf4 Na5 13. Bxd6 Qxd6 14. Ng3 Nxb3 15.
cxb3 Rfe8 16. Re1 Rxe1+ 17. Qxe1 Bxf3 18. gxf3 Re8 19. Qd2 Qe6 20. Kg2 Qxb3 21.
Ne4 Nxe4 22. fxe4 h6 23. Rc1 Rd8 24. Rxc5 Rd6 25. Rc7 Rg6+ 26. Kh2 a6 27. Qc2
Qe6 28. f4 f5 29. e5 Qd5 30. Qf2 a5 31. Rc8+ Kh7 32. Rf8 Qb3 33. Qe2 Rc6 34.
Kg3 0-1

[Event "Mechanics' Summer TNM; 30/90, SD/30"]
[Site "San Francisco"]
[Date "2010.06.01"]
[Round "2.20"]
[White "Litowsky, Daniel"]
[Black "Olson, David"]
[Result "1/2-1/2"]
[WhiteElo "1707"]
[BlackElo "1400"]
[PlyCount "114"]
[EventDate "2010.??.??"]

1. e4 e5 2. Nc3 Nf6 3. Bc4 c6 4. Nf3 d5 5. exd5 cxd5 6. Bb5+ Nc6 7. Nxe5 Qc7 8.
O-O Bd6 9. d4 O-O 10. Bxc6 bxc6 11. Re1 Re8 12. Bf4 Nd7 13. Qf3 Nxe5 14. dxe5
Bxe5 15. Bxe5 Rxe5 16. Rxe5 Qxe5 17. Rd1 Bf5 18. Rc1 Rb8 19. b3 Bxc2 20. Qe2
Qxe2 21. Nxe2 Bd3 22. Nf4 Bf5 23. Rxc6 Rd8 24. Rc5 Be6 25. Nxe6 fxe6 26. Kf1
Rd7 27. Ke2 Kf7 28. f4 h5 29. a4 Rb7 30. Rc3 g6 31. Ke3 Kf6 32. a5 e5 33. Rc6+
Kf5 34. fxe5 Rxb3+ 35. Kf2 -- 36. Rf6+ Kxe5 37. Rxg6 Kf5 38. Ra6 Kg5 39. Rd6
Rb5 40. a6 Ra5 41. h3 Ra2+ 42. Ke3 Rxg2 43. Rxd5+ Kh4 44. Rd7 Kxh3 45. Rxa7 Ra2
46. Ra8 Kg3 47. a7 Kh3 48. Kd3 Ra3+ 49. Kc4 Ra1 50. Kb5 Rb1+ 51. Ka6 Ra1+ 52.
Kb7 Rb1+ 53. Kc6 Rc1+ 54. Kd5 Rd1+ 55. Ke4 Re1+ 56. Kf3 Rf1+ 57. Ke2 Rf7
1/2-1/2

[Event "Mechanics' Summer TNM; 30/90, SD/30"]
[Site "San Francisco"]
[Date "2010.06.08"]
[Round "3.1"]
[White "Lopez, Jorge"]
[Black "Fuentes, Romulo"]
[Result "1-0"]
[WhiteElo "2125"]
[BlackElo "2237"]
[PlyCount "113"]
[EventDate "2010.??.??"]

1. c4 Nf6 2. g3 c5 3. Bg2 d5 4. Nf3 Nc6 5. cxd5 Nxd5 6. d4 e6 7. O-O cxd4 8.
Nxd4 Be7 9. Nxc6 bxc6 10. Qa4 Bd7 11. Rd1 Qb6 12. e4 Nf6 13. Na3 Ng4 14. Rf1 $6
(14. Rd2 $1 O-O 15. Nc4 Qc7 16. h3 Nf6 17. Rd3 $16) 14... O-O 15. Nc4 Qb5 16.
Qc2 e5 17. h3 Be6 18. b3 Nf6 19. a4 Qb8 20. Bb2 Bxc4 21. Qxc4 Bd6 22. Rfd1 Rc8
23. Rd3 Qc7 24. Rad1 Bf8 25. Bf3 (25. f4 $1 exf4 26. Bxf6 gxf6 27. Rd7) 25...
Rab8 26. Bc3 Qe7 27. g4 h6 28. h4 Rb7 29. Kg2 c5 30. Kh3 (30. g5 $1 hxg5 31.
hxg5 Nd7 32. g6) 30... Rcb8 (30... Rxb3 31. g5 hxg5 32. hxg5 Nh7 33. g6 Ng5+
34. Kg2 Qe6 $14) 31. Ba5 Rd7 32. Rxd7 Nxd7 33. Be2 Nb6 34. Qa6 c4 35. Bxc4 Nxc4
36. Qxc4 Qf6 37. Kg2 Qxh4 38. f3 Qf6 39. b4 h5 40. b5 hxg4 41. fxg4 Qf4 42. Qe2
Rc8 43. Bd2 Qf6 44. Be3 Qe7 45. a5 Qb7 46. Rd5 g6 47. Qd3 Qe7 48. b6 axb6 49.
axb6 Qb4 50. Rb5 Qd6 51. Qb3 Qd7 52. Kf3 Qb7 53. Ra5 Qc6 54. Ra7 Qf6+ 55. Kg2
Rb8 56. Qd5 Kg7 57. Bg5 1-0

[Event "Mechanics' Summer TNM; 30/90, SD/30"]
[Site "San Francisco"]
[Date "2010.06.29"]
[Round "6.1"]
[White "Lopez, Jorge"]
[Black "Manvelyan, Hayk"]
[Result "0-1"]
[WhiteElo "2125"]
[BlackElo "2145"]
[PlyCount "80"]
[EventDate "2010.??.??"]

1. Nf3 e6 2. d4 f5 3. g3 Nf6 4. Bg2 d5 5. O-O Bd6 6. c4 c6 7. Nc3 O-O 8. Ne5
Nbd7 9. f4 Ne4 10. Nxe4 fxe4 11. c5 Nxe5 12. fxe5 Be7 13. Be3 b6 14. Rxf8+ Bxf8
15. cxb6 axb6 16. a3 Ba6 17. Bh3 Qd7 18. Qa4 Qe8 19. Qc2 Rc8 20. b4 Bc4 21. Qb2
h6 22. a4 Rb8 23. Qd2 Kh7 24. Qe1 c5 25. dxc5 bxc5 26. Bxc5 Bxc5+ 27. bxc5 Rb2
28. Bf1 Qc6 29. Qf2 Qa6 30. Qd4 Rc2 31. Qd1 Rb2 32. Qc1 Rb4 33. a5 Qb5 34. Qe3
Rb3 35. Qd4 Bxe2 36. a6 Bxf1 37. Qf2 Rb2 38. Qxf1 Qxc5+ 39. Kh1 Qc2 40. Qg1 e3
0-1

[Event "Mechanics' Summer TNM; 30/90, SD/30"]
[Site "San Francisco"]
[Date "2010.05.25"]
[Round "2.8"]
[White "MacIntyre, Brendan"]
[Black "Gaffagan, Steven"]
[Result "0-1"]
[WhiteElo "1671"]
[BlackElo "2024"]
[PlyCount "76"]
[EventDate "2010.??.??"]

1. d4 d5 2. c4 dxc4 3. Nc3 a6 4. Nf3 b5 5. g3 c6 6. Bg2 Bb7 7. O-O Nf6 8. e4 e6
9. Re1 Be7 10. b3 b4 11. e5 Nd5 12. Nxd5 cxd5 13. Qc2 c3 14. a3 a5 15. axb4
axb4 16. Rxa8 Bxa8 17. Be3 O-O 18. Ra1 Bb7 19. Ne1 Nd7 20. Nd3 Qb6 21. h4 Rc8
22. h5 h6 23. f4 Ba6 24. Bf1 Bb5 25. Kf2 Nb8 26. Be2 Nc6 27. Nc5 Nxd4 28. Bxd4
Bxc5 29. Bxc5 Qxc5+ 30. Kf3 d4 31. Bxb5 Qxb5 32. Ke4 Qd5+ 33. Kd3 Qf3+ 34. Kxd4
Rd8+ 35. Kc5 Qd5+ 36. Kxb4 Qd4+ 37. Kb5 Rb8+ 38. Kc6 Qb6+ 0-1

[Event "Mechanics' Summer TNM; 30/90, SD/30"]
[Site "San Francisco"]
[Date "2010.06.08"]
[Round "3.16"]
[White "MacIntyre, Brendan"]
[Black "Kleiman, Charles"]
[Result "0-1"]
[WhiteElo "1671"]
[BlackElo "1851"]
[PlyCount "54"]
[EventDate "2010.??.??"]

1. d4 Nf6 2. c4 g6 3. Nc3 d5 4. e3 Bg7 5. Be2 O-O 6. Nf3 Na6 7. O-O c5 8. Bd2
cxd4 9. Nxd4 e5 10. Nf3 d4 11. exd4 exd4 12. Nd5 Nxd5 13. cxd5 Qxd5 14. Bc3 Rd8
15. Bxa6 dxc3 16. Qxd5 Rxd5 17. Bc4 Rc5 18. b3 b5 19. Bd3 b4 20. Rfe1 Be6 21.
a3 bxa3 22. Rxa3 c2 23. Bxc2 Rxc2 24. b4 Ra2 25. Rae3 Ra1 26. b5 Rxe1+ 27. Rxe1
Rb8 0-1

[Event "Mechanics' Summer TNM; 30/90, SD/30"]
[Site "San Francisco"]
[Date "2010.06.22"]
[Round "5.17"]
[White "MacIntyre, Brendan"]
[Black "Leavens, Weston"]
[Result "1/2-1/2"]
[WhiteElo "1671"]
[BlackElo "1806"]
[PlyCount "88"]
[EventDate "2010.??.??"]

1. d4 f5 2. c4 g6 3. Nc3 Nf6 4. Nf3 Bg7 5. Bg5 h6 6. Bxf6 Bxf6 7. e4 fxe4 8.
Nxe4 O-O 9. Be2 d6 10. O-O Qe8 11. Qd2 Bg7 12. Rac1 c6 13. Rfe1 Bg4 14. b4 Nd7
15. Rc3 c5 16. bxc5 dxc5 17. Rb3 b6 18. Bd1 Rd8 19. Nd6 exd6 20. Rxe8 Rfxe8 21.
dxc5 dxc5 22. Re3 Ne5 23. Qc2 Bf5 24. Qe2 Bd3 25. Qe1 Bxc4 26. Bc2 Nxf3+ 27.
gxf3 Bf7 28. Ba4 Rf8 29. Bc6 Rd6 30. Be4 Bd4 31. Re2 Rfd8 32. Kg2 Bf6 33. Rc2
Kg7 34. Qe2 c4 35. Qe1 a5 36. Qb1 c3 37. Qb5 Be8 38. Qa6 a4 39. Qb7+ Kg8 40.
Qc7 b5 41. Qa5 Rd2 42. Qb6 R8d6 43. Qb8 Rd8 44. Qb6 R8d6 1/2-1/2

[Event "Mechanics' Summer TNM; 30/90, SD/30"]
[Site "San Francisco"]
[Date "2010.07.06"]
[Round "7.13"]
[White "MacIntyre, Brendan"]
[Black "Panchanatham, Vignesh"]
[Result "0-1"]
[WhiteElo "1671"]
[BlackElo "1869"]
[PlyCount "56"]
[EventDate "2010.??.??"]

1. d4 Nf6 2. c4 g6 3. Nc3 Bg7 4. Nf3 O-O 5. e4 d6 6. Be2 e5 7. d5 a5 8. O-O Na6
9. Be3 b6 10. a3 Nc5 11. Qc2 Bd7 12. b4 Nb7 13. c5 $6 (13. Nd2) 13... bxc5 14.
bxc5 Nxc5 15. Nxe5 (15. Bxc5 dxc5 16. Nxe5 Nxd5 17. Nxd7 Nxc3 18. Nxf8 Nxe2+ (
18... Kxf8 19. Rac1 Rb8) 19. Qxe2 Bxa1 20. Nxg6 hxg6 21. Rxa1 Qd4) 15... Nfxe4
16. Nxe4 Bxe5 17. Rab1 $4 (17. Nxc5 Bf5 (17... Bxa1 18. Nxd7) 18. Nd3) 17...
Nxe4 18. Qxe4 Bf5 19. Qc4 Bxb1 20. Rxb1 Rb8 21. Rc1 Bb2 22. Rc2 Bg7 23. g3 Rb2
24. Rc1 Qb8 25. Bf3 Qb3 26. Qxc7 Qxa3 27. Qc4 Re8 28. Kf1 Rxe3 0-1

[Event "Mechanics' Summer TNM; 30/90, SD/30"]
[Site "San Francisco"]
[Date "2010.07.13"]
[Round "8.2"]
[White "Manvelyan, Hayk"]
[Black "Baturyn, Mikhail"]
[Result "1/2-1/2"]
[WhiteElo "2145"]
[BlackElo "2396"]
[PlyCount "109"]
[EventDate "2010.??.??"]

1. e4 c5 2. Nc3 Nc6 3. g3 g6 4. Bg2 Bg7 5. d3 e6 6. f4 d6 7. Nf3 Nge7 8. O-O
O-O 9. Rb1 Rb8 10. Bd2 b5 11. a3 a5 12. a4 b4 13. Nb5 Nd4 14. c4 Nec6 15. Be3
e5 16. Nfxd4 cxd4 17. Bd2 Ne7 18. Qe2 Be6 19. Rf2 Qd7 20. Rbf1 f6 21. b3 Rf7
22. f5 gxf5 23. exf5 Nxf5 24. Rxf5 Bxf5 25. Rxf5 Qxf5 26. Nxd6 Qd7 27. Nxf7
Kxf7 28. Bd5+ Ke7 29. Qh5 Rh8 30. Be4 Kd6 31. Bf5 Qb7 32. Be4 Qc7 33. Qf3 h5
34. Bg6 Qc6 35. Be4 Qc5 36. Bf5 Kc7 37. Be4 h4 38. g4 h3 39. Qf5 Qe7 40. Bf3
Qd7 41. Qe4 Kb6 42. Qg6 Kc5 43. Kf2 Rf8 44. Be4 Qf7 45. Qf5 Rh8 46. Bf3 Rd8 47.
Qe4 Qc7 48. Kg3 Kb6 49. Kxh3 Rh8+ 50. Kg2 Bh6 51. Bxh6 Rxh6 52. h3 Rh8 53. Kg3
Ka7 54. Bg2 f5 55. gxf5 1/2-1/2

[Event "Mechanics' Summer TNM; 30/90, SD/30"]
[Site "San Francisco"]
[Date "2010.07.06"]
[Round "7.1"]
[White "Manvelyan, Hayk"]
[Black "Fuentes, Romulo"]
[Result "1/2-1/2"]
[WhiteElo "2145"]
[BlackElo "2237"]
[PlyCount "89"]
[EventDate "2010.??.??"]

1. e4 c5 2. Nc3 e6 3. d3 Nc6 4. g3 Nf6 5. Bg2 Be7 6. f4 d5 7. e5 Nd7 8. Nf3 O-O
9. h4 f5 10. Ng5 Nb6 11. Qh5 h6 12. Qg6 Bxg5 13. hxg5 Qe8 14. Qxe8 Rxe8 15.
gxh6 Nd4 16. Kd1 gxh6 17. Be3 Kh7 18. Bxd4 cxd4 19. Nb5 Rg8 20. Rh3 Na4 21. Rb1
Bd7 22. Nxd4 Rac8 23. Kd2 Rg6 24. Ne2 Bc6 25. b3 Nc5 26. Bf3 Rcg8 27. b4 Na4
28. b5 Bd7 29. Rb4 Nc5 30. Rb1 b6 31. Kc1 Rd8 32. d4 Ne4 33. Bxe4 fxe4 34. c4
Rg7 35. c5 Be8 36. c6 Rc8 37. Rh1 h5 38. Rb3 Kg6 39. Ng1 a6 40. a4 axb5 41.
axb5 Ra8 42. Ne2 Kf5 43. Kd2 Rga7 44. Rc3 Ra5 45. Rhc1 {Both players quit
keeping score at this point. White has a clear advantage at this point but the
game finished in a draw.} 1/2-1/2

[Event "Mechanics' Summer TNM; 30/90, SD/30"]
[Site "San Francisco"]
[Date "2010.06.22"]
[Round "5.2"]
[White "Manvelyan, Hayk"]
[Black "Jones, James"]
[Result "1-0"]
[WhiteElo "2145"]
[BlackElo "2099"]
[PlyCount "43"]
[EventDate "2010.??.??"]

1. e4 g6 2. d4 Bg7 3. Nc3 d6 4. f4 Nf6 5. Nf3 O-O 6. Bd3 Bg4 7. h3 Bxf3 8. Qxf3
Nc6 9. Be3 e5 10. fxe5 dxe5 11. d5 Nd4 12. Qf2 c6 13. dxc6 bxc6 14. O-O Qd6 15.
Na4 Rab8 16. Rad1 Qb4 17. b3 Qa5 18. Bg5 Nh5 19. Be7 Nf4 20. Bxf8 Bxf8 21. Bc4
Qc7 22. Rxd4 1-0

[Event "Mechanics' Summer TNM; 30/90, SD/30"]
[Site "San Francisco"]
[Date "2010.06.08"]
[Round "3.5"]
[White "Manvelyan, Hayk"]
[Black "Leavens, Weston"]
[Result "1-0"]
[WhiteElo "2145"]
[BlackElo "1806"]
[PlyCount "65"]
[EventDate "2010.??.??"]

1. d4 f5 2. g4 fxg4 3. h3 d6 4. hxg4 Bxg4 5. Qd3 Qd7 6. f3 Bf5 7. e4 Bg6 8. Bh3
Qc6 9. d5 Qb6 10. Nc3 c6 11. Be3 Qc7 12. Nge2 Nd7 13. Nf4 Ne5 14. Qe2 Bf7 15.
Ne6 Bxe6 16. Bxe6 Nf6 17. f4 Ned7 18. O-O-O Nb6 19. Bxb6 axb6 20. e5 dxe5 21.
fxe5 Nxd5 22. Nxd5 cxd5 23. Qf3 Ra5 24. b4 (24. Rxd5 Rxd5 25. Qxd5 {
with mate soon to follow.}) 24... Qxe5 25. Bf7+ Kd8 26. bxa5 Qa1+ 27. Kd2 Qd4+
28. Ke2 Qc4+ 29. Kf2 Qxc2+ 30. Kg3 e6 31. Bxe6 Bd6+ 32. Kh3 Rf8 33. Qxd5 1-0

[Event "Mechanics' Summer TNM; 30/90, SD/30"]
[Site "San Francisco"]
[Date "2010.05.25"]
[Round "2.5"]
[White "Manvelyan, Hayk"]
[Black "Litowsky, Daniel"]
[Result "1-0"]
[WhiteElo "2145"]
[BlackElo "1707"]
[PlyCount "69"]
[EventDate "2010.??.??"]

1. d4 d5 2. c4 c6 3. Nc3 Nf6 4. Nf3 Bf5 5. e3 e6 6. Bd3 Ne4 7. Qc2 Nd6 8. c5
Bxd3 9. Qxd3 Nf5 10. O-O Be7 11. Bd2 O-O 12. b4 a6 13. a4 Nd7 14. b5 Qc7 15.
Rfb1 Rfb8 16. bxc6 bxc6 17. a5 f6 18. Na4 Nh6 19. Nb6 Ra7 20. Ne1 e5 21. Nc2 e4
22. Qe2 Rbb7 23. Nxd7 Qxd7 24. Rb6 Bd8 25. Nb4 Bxb6 26. cxb6 Ra8 27. Nxa6 Qc8
28. Rb1 Nf7 29. Nc5 Nd6 30. a6 Re7 31. b7 Nxb7 32. axb7 Rxb7 33. Rxb7 Ra1+ 34.
Be1 Qa8 35. Kf1 1-0